| 000 | 00468nam a2200181Ia 4500 | ||
|---|---|---|---|
| 008 | 131103s9999 xx 000 0 und d | ||
| 020 | _a0-00-651059 0 | ||
| 040 | _aLoreto College | ||
| 041 | _aEnglish | ||
| 082 |
_aF/SHE _bLCBED/12129 |
||
| 100 | _aSheldon,Sidney | ||
| 245 | 4 |
_aThe best laid plans _cSidney Sheldon |
|
| 260 |
_aLondon _bHarper & Collins _c1997 |
||
| 300 |
_a358p. _c 18 cm |
||
| 650 | _aEnglish fiction | ||
| 850 | _aLCLIB/F/SHE | ||
| 942 | _cBK | ||
| 999 |
_c33063 _d83542 |
||